Comparison methods for stochastic models and risks
Saved in:
| Main Author: | |
|---|---|
| Other Authors: | |
| Format: | Book |
| Language: | English |
| Published: |
Chichester ; New York :
Wiley,
c2002
|
| Series: | Wiley series in probability and statistics
|
| Subjects: | |
| Tags: |
Add Tag
No Tags, Be the first to tag this record!
|
MARC
| LEADER | 00000nam a2200000 i 4500 | ||
|---|---|---|---|
| 001 | 1/61258 | ||
| 008 | 071031s2002 eng d | ||
| 020 | |a 0-471-49446-1 | ||
| 035 | |l 10091982 | ||
| 040 | |a GR-MY-UA |b gre |e aacr | ||
| 041 | 0 | |a eng | |
| 082 | 0 | |a 519.23 |2 (22) | |
| 100 | 1 | |a Muller, Alfred |d 1966- | |
| 245 | 1 | 0 | |a Comparison methods for stochastic models and risks / |c Alfred Muller, Dietrich Stoyan |
| 260 | |a Chichester ; New York : |b Wiley, |c c2002 | ||
| 300 | |a xii, 330 σ.; |b εικ.; |c 23 εκ. | ||
| 490 | 1 | |a Wiley series in probability and statistics | |
| 504 | |a Περιλαμβάνει βιβλιογραφικές παραπομπές (σ. [303]-323) και ευρετήριο | ||
| 650 | 0 | 0 | |a Stochastic systems. |
| 700 | 1 | |a Stoyan, Dietrich. | |
| 830 | 0 | |a Wiley series in probability and statistics | |
| 852 | |a INST |b SAMOS |e 20071031 |h 519.23 MUL |p 005300027953 |q 005300027953 |t BK |y 0 | ||
| 901 | |a BIBL3-2007-3 | ||
| 909 | |a Σ |b 140075 | ||
| 922 | |a 3ΕΛΗ |b 200710 |c ΕΠΕΑΕΚ2/ΤΣΑΕ |d ΠΑΠΑΣΩΤΗΡΙΟΥ | ||
| 970 | |a ΡΟΥΣΣΟΥ |b ΚΩΝΣΤΑΝΤΙΝΑ |z 2007/10/31 | ||